|
|
|
|
| LEADER |
00000nab a2200000 a 4500 |
| 001 |
vtls008961861 |
| 003 |
SK-MaSNL |
| 005 |
20260303070712.0 |
| 008 |
070219 1977 xo 000 0 slo |
| 015 |
|
|
|a SNBRB1977
|
| 040 |
|
|
|a SNKBUCL
|b slo
|c SNKBUCL
|e AACR2
|
| 041 |
0 |
|
|a slo
|
| 044 |
|
|
|a xo
|c SK
|
| 080 |
|
|
|a 791.43(420)
|2 2001
|
| 080 |
|
|
|a 791.43(44)
|2 2001
|
| 245 |
0 |
0 |
|a Plný expres hviezd
|b angl. film "Vražda v Orient exprese" a franc. film "Žiadny problém"
|c (lan)
|
| 630 |
0 |
7 |
|a Vražda v Orient exprese (film)
|2 snkbucl
|9 1068467
|
| 630 |
0 |
7 |
|a Žiadny problém (film)
|2 snkbucl
|9 1068468
|
| 655 |
|
7 |
|a recenzie
|2 snkbucl
|9 21907
|
| 773 |
0 |
|
|t Večerník
|g 3.1.1977, s. 5
|
| 958 |
|
|
|a RC
|
| 958 |
|
|
|a GB
|
| 958 |
|
|
|a FR
|
| 999 |
|
|
|c 1756572
|d 1758502
|